National Park Quiz - Badlands - Statistics

General Stats
  • This quiz has been taken 7 times
  • The average score is 10 of 15
Answer Stats
Hint Answer % Correct
Rodent that lives in a famous "town" within the park boundaries Prairie dog
100%
US State South Dakota
100%
Large bovine re-introduced to the park in 1963, now numbering over 1,000 in the park Bison
83%
Kevin Costner movie where an army officer befriends the above tribe, partly filmed in the Badlands Dances with Wolves
83%
Geological process by which the buttes and pinnacles of the Badlands form Erosion
83%
US President that first designated the Badlands as a National Monument Franklin Delano Roosevelt
83%
Native American tribe that once held title to the Badlands, before it was illegally confiscated by the US in 1889 Sioux
83%
Endangered mustelid species re-introduced to the wild in Badlands Black-footed ferret
67%
Ceremonial dance that last occurred on Stronghold Table in 1890, which was hoped to bring about the end of American westward expansion Ghost Dance
67%
Famous drugstore close to the park, offering free water and 5¢ coffee Wall Drug
67%
Nearest other site managed by the National Park Service, once housing nuclear weapons Minuteman Missile National Historic Site
50%
Any of the three counties covered by the park Oglala Lakota, Pennington, or Jackson
50%
Year designated as a national park 1978
33%
Badlands was established as a national monument to protect these petrified bones Fossils
17%
Name of the visitor center Ben Reifel Visitor Center
0%
No matching quizzes found
Score Distribution
Percent of People with Each Score
Percentile by Number Answered
Your Score History
You have not taken this quiz